书目信息 |
| 书名: | ON TOP OF THE WORLD | |
| 作者: | TOM BARBASH | |
| 分册号: | ||
| 分册名: | 出版地: | New York |
|
| 出版社: | HarperCollinsPublishers | |
| 出版时间: | 2003 | |
| 页数: | 282p | |
| 开本: | 23cm | |
| 丛书名: | ||
| 中图分类号: | ||
| 科图分类号: | ||
| 其他分类号: | F837.123 | |
| 主题词: | ||
| 电子资源: | ||
| 000 | 00509nam0 2200193 450 | |
| 001 | 052012180577 | |
| 005 | 20121107101638.0 | |
| 008 | 20021229d1997 em y0chiy0121 ea | |
| 020 | @a978-0-06-051030-5@c$14.95 | |
| 041 | @aeng | |
| 091 | @aF837.123 | |
| 099 | @dF837.123@eT6551 | |
| 100 | @aTOM BARBASH | |
| 245 | 10 | @aON TOP OF THE WORLD @cTOM BARBASH |
| 260 | @aNew York@bHarperCollinsPublishers@c2003 | |
| 300 | @a282p@c23cm | |
| 521 | @aON TOP OF THE WORLD | |
| 905 | @b7989-91 | |
| 905 | @aTSG@dF837.123@eT6551 | |
| ON TOP OF THE WORLD / TOM BARBASH.-New York : HarperCollinsPublishers , 2003 |
| 282p ; 23cm |
| ON TOP OF THE WORLD |
| ISBN 978-0-06-051030-5$14.95 |
| ● |
| 相关链接 |
|
|
|
正题名:ON TOP OF THE WORLD
索取号:F837.123/T6551
 
预约/预借
| 序号 | 登录号 | 条形码 | 馆藏地/架位号 | 状态 | 备注 |
| 1 | 7989 | 300079894 | 社科库409/409社科库 119排1列2层/ [索取号:F837.123/T6551] | 在馆 | |
| 2 | 7990 | 300079901 | 社科库409/409社科库 119排1列2层/ [索取号:F837.123/T6551] | 在馆 | |
| 3 | 7991 | 300079910 | 社科库409/409社科库 119排1列1层/ [索取号:F837.123/T6551] | 在馆 |